| 000 | 00480 a2200169 4500 | ||
|---|---|---|---|
| 003 | OSt | ||
| 005 | 20231107122821.0 | ||
| 008 | 231107b |||||||| |||| 00| 0 eng d | ||
| 020 | _a9789391938673 | ||
| 040 | _coclc | ||
| 082 |
_a954.83 _bMOU/K |
||
| 100 |
_aMoulavi, E K _99847 |
||
| 245 |
_aKerala Muslim Aikya Sangam/ _cE K Moulavi |
||
| 260 |
_aKerala: _bYuvatha book house, _c2022. |
||
| 300 | _a56p | ||
| 942 |
_2ddc _cBK _h954.83 _iMOU/K _k954.83 _mMOU/K |
||
| 999 |
_c42848 _d42848 |
||